Les Guignols de l'info : machine rodée et maison fragile (notice n° 1881033)
[ vue normale ]
| 000 -LEADER | |
|---|---|
| fixed length control field | 00860cam a2200157 4500500 |
| 005 - DATE AND TIME OF LATEST TRANSACTION | |
| control field | 20260329013530.0 |
| 041 ## - LANGUAGE CODE | |
| Language code of text/sound track or separate title | fre |
| 042 ## - AUTHENTICATION CODE | |
| Authentication code | dc |
| 100 10 - MAIN ENTRY--PERSONAL NAME | |
| Personal name | Le Rolland, Yves |
| Relator term | author |
| 245 00 - TITLE STATEMENT | |
| Title | Les Guignols de l'info : machine rodée et maison fragile |
| 260 ## - PUBLICATION, DISTRIBUTION, ETC. | |
| Date of publication, distribution, etc. | 2010.<br/> |
| 500 ## - GENERAL NOTE | |
| General note | 31 |
| 520 ## - SUMMARY, ETC. | |
| Summary, etc. | RésuméCinq soirs par semaine depuis vingt et un ans, Les Guignols restent fidèles à Canal+, avec une large audience. Leur longévité s’explique notamment par une indépendance d’esprit vis-à-vis de l’entreprise, résultat d’une volonté partagée de préservation d’identité et de pérennité. |
| 786 0# - DATA SOURCE ENTRY | |
| Note | Le Journal de l'École de Paris du management | 85 | 5 | 2010-09-01 | p. 25-30 | 1253-2711 |
| 856 41 - ELECTRONIC LOCATION AND ACCESS | |
| Uniform Resource Identifier | <a href="https://shs.cairn.info/revue-le-journal-de-l-ecole-de-paris-du-management-2010-5-page-25?lang=fr&redirect-ssocas=7080">https://shs.cairn.info/revue-le-journal-de-l-ecole-de-paris-du-management-2010-5-page-25?lang=fr&redirect-ssocas=7080</a> |
Pas d'exemplaire disponible.




Réseaux sociaux